Indovina la città dalla squadra di calcio - Statistics

Statistiche generali
  • Questo quiz è stato fatto 580 volte
  • Il punteggio medio è 7 su 10
Statistiche sulle risposte
Squadra Città % Corretto
PSG Parigi
99%
Lazio Roma
98%
Espanyol Barcellona
88%
Reggiana Reggio Emilia
87%
Reggina Reggio Calabria
86%
Real Betis Siviglia
84%
Rayo Vallecano Madrid
80%
Real Valladolid Valladolid
59%
Giana Erminio Gorgonzola
33%
Real Sociedad San Sebastian
33%
Nessun quiz corrispondente trovato
Distribuzione punteggi
Percentuale di utenti per punteggio
Percentile per numero di risposta
I tuoi punteggi nel tempo
Non hai fatto questo quiz